• 首页
  • 本馆介绍
  • 公告通知
  • 最新文献
  • 馆藏检索
  • 电子资源
  • 读者导购
  • 参考咨询
  • 我的图书馆
  • 登录
  • 详细信息显示
  • 放入我的书架
  • 预约/预借图书
  • 作者相关作品
  • 分类相关作品
  • 丛书相关作品
  • 出版社相关作品

书目信息

  • 表格格式
  • 工作单格式
  • 卡片格式
题名:
无机合成
    
 
作者: MOELLER 主编 ;申泮文 译
分册: 第五卷  
出版信息: 北京   科学出版社  1963
页数: 221页
开本: 20cm
丛书名:
单 册:
中图分类: O611.4
科图分类:
主题词: 无机化学
电子资源:
ISBN:
000 00659nam0 2200229 450
001 0632771485
005 20060801164411.43
010    @dCNY1.20
091    @a13031.1898
100    @a20060511d1963 km y0chiy0120 ea
101 0  @achi@ceng
102    @aCN@b110000
102    @aCN@b110000
200 1  @a无机合成@Awu ji he cheng@h第五卷@f(美)THERALD MOELLER主编@F(mei)THERALD MOELLER zhu bian@g申泮文等译@Gshen pan wen deng yi
210    @a北京@c科学出版社@d1963
215    @a221页@d20cm
606 0  @a无机化学
690    @aO611.4@v3
701  0 @aMOELLER@4主编
702  0 @a申泮文@Ashen pan wen@4译
801  0 @aCN@bPFT@c20060801
905    @a10447@dO611.4@e4:5
    
    无机合成.第五卷/(美)THERALD MOELLER主编/申泮文等译.-北京:科学出版社,1963
    221页;20cm
    
    
    ISBN :CNY1.20
    
●
相关链接 在E读中查询图书 在五车中查询图书 在当当中查询图书 在豆瓣中查询图书


正题名:无机合成     索取号:O611.4/4:5         预约/预借

序号 登录号 条形码 馆藏地/架位号 状态 备注
1 0011795   202313013   密集书库/ [索取号:O611.4/4:5] 在馆    
2 0434439   204344398   密集书库/ [索取号:O611.4/4:5] 在馆    
唐山师范学院图书馆 欢迎您!
大连网信软件有限公司© 版权所有